000 00750nam a2200253 a 4500
999 _c693
_d693
008 191015s1996 ii a|||g |||| 001 0 eng d
020 _a9788177582321
_cRs. 399.00
040 _aKO
_beng
041 0 _aeng
044 _aii
082 0 4 _223
_a543.1
_bSv22
100 1 _a Vogel, Arthur I.
245 1 0 _aVogel's Qualitative Inorganic Analysis /
_cArthur I. Vogel ; Revised by G. Svehia
250 _a7th ed.
260 _aNoida :
_bDorling Kindersley (India) Pvt Ltd,
_c1996
300 _aVarious pagination :
_bill. ;
_c24 cm.
504 _aIncludes index.
650 0 _aChemistry, Analytic -- Qualitative
_vTextbooks
650 0 _aChemistry, Inorganic
_vTextbooks
700 1 _aSvehia, G.
_eedt
904 _aS_JOY
942 _cBK